Alle Gewinner der Ballon d'or Verleihung 2023 - Statistiken

Allgemein
  • Dieses Quiz wurde 46 mal gespielt
  • Das Durchschnittsergebnis liegt bei 5 aus 8
Antwortstatistiken
Hint Antwort % Korrekt
Ballon d'or Lionel Messi
100%
Men's club of the year Manchester City
90%
Woman's club of the year FC Barcelona
81%
Gerd Müller Award Erling Haaland
57%
Yashin Trophy Emiliano Martinez
55%
Ballon d'or Féminin Aitana Bonmati
50%
Kopa Trophy Jude Bellingham
48%
Sócrates Award Vinicius Jr
21%
Keine übereinstimmenden Quizze gefunden
Verteilung der Resultate
Anzahl Personen mit jedem Resultat
Perzentil nach korrekt beantworteten Fragen
Ihre Resultats-Entwicklung
Sie haben dieses Quiz noch nicht gespielt